00689nam a22001817a 450000100060000000300080000600500170001400800410003103500190007204000260009104100080011708200250012524501060015026000460025630000210030249001480032365000360047136543BD-RjUL20211209052512.0140626s1950 col||||| |||| 00| 0 eng d a(BD-RjUL)36643 aBD-RjULbengcBD-RjUL aeng a361.650973bWEL 1950 aWelfare state : bthe twenty-fourth annual debate handbook /cEd. Bower AlynVolume II :p1950-1951 aColumbia, Mo. :b Artcraft Press, c1950. a220 P. ;c22 cm. a Debate handbook (National University Extension Association. Committee on Debate Materials and Interstate Cooperation), 24, 1950-1951, v. 1-2.  a United States -- welfare state